Statistics for 10 Westernmost Capital Cities in Europe

Click here to take the quiz!

General Stats

  • This quiz has been taken 70,884 times
  • The average score is 9 of 10

Answer Stats

LongitudeCapital City% Correct
0°07′WLondon
98%
9°08′WLisbon
97%
3°41′WMadrid
97%
2°21′EParis
96%
6°16′WDublin
95%
21°56′WReykjavík
90%
4°54′EAmsterdam
89%
4°21′EBrussels
89%
6°07′ELuxembourg
76%
1°52′EAndorra la Vella
63%

Score Distribution

Percentile by Number Answered

Percent of People with Each Score

Your Score History

You have not taken this quiz